| 000 | 00843nam a2200217 i 4500 | ||
|---|---|---|---|
| 001 | 167122 | ||
| 003 | ES-MaACL | ||
| 005 | 20250823063123.0 | ||
| 008 | 030402s1885 sp |||| | spa d | ||
| 080 | _a614.253 | ||
| 100 | 1 |
_aVega-Rey, Luis, _d1853-1899 _9133584 |
|
| 245 | 1 | 3 |
_aEl médico y la sociedad (estudio crítico) / _cL. Vega-Rey. |
| 260 |
_aMadrid : _b[s.n.], _c1885 ( _fImp. de Enrique Teodoro) |
||
| 300 |
_a16 p. ; _c22 cm. |
||
| 530 | _aDisponible en formato digital. | ||
| 650 | 4 |
_aMédicos- _xMoral profesional. _914942 |
|
| 752 |
_aEspaña - _dMadrid |
||
| 852 |
_aES-MaACL _jT-362-F-14 _z- Enc. hol. _z. - Dedic. ms. del autor a la Biblioteca del Ateneo _z- Enc. en un vol. facticio |
||
| 856 |
_uhttp://bdh-rd.bne.es/viewer.vm?id=0000055863&page=1 _zBiblioteca Digital Hispánica |
||
| 999 |
_c167122 _d167122 |
||